Diccionario básico de la construcción /
Збережено в:
| Автор: | |
|---|---|
| Формат: | Книга |
| Мова: | Іспанська |
| Опубліковано: |
Barcelona, España :
CEAC,
1992, c1992
|
| Редагування: | 24a edición |
| Серія: | (Monografías CEAC de la Construcción)
|
| Предмети: | |
| Теги: |
Немає тегів, Будьте першим, хто поставить тег для цього запису!
|
MARC
| LEADER | 00000nam^a2200000^a^4500 | ||
|---|---|---|---|
| 001 | 000051866 | ||
| 005 | 20250521000000.0 | ||
| 009 | 20260310090335.033 | ||
| 037 | |a Acervo ITESO - Biblioteca | ||
| 041 | |a ESP | ||
| 082 | |a 690. 05 |b CEA V. 5 | ||
| 100 | |a Zurita Ruiz, José |e (autor) | ||
| 245 | 1 | 0 | |a Diccionario básico de la construcción / |c J. Zurita Ruiz. |
| 250 | |a 24a edición | ||
| 264 | 4 | |a Barcelona, España : |b CEAC, |c 1992, c1992 | |
| 300 | |a 237 p. | ||
| 336 | |a texto |b txt |2 rdacontenido | ||
| 337 | |a sin mediación |b n |2 rdamedio | ||
| 338 | |a volumen |b nc |2 rdasoporte | ||
| 440 | 1 | |a (Monografías CEAC de la Construcción) | |
| 649 | |a XX | ||
| 650 | |a Construcción - |x Enciclopedias y Diccionarios | ||
| 650 | |a Arquitectura - |x Enciclopedias y Diccionarios | ||
| 650 | |a Ingeniería Civil - |x Enciclopedias y Diccionarios | ||
| 910 | |a Fondo General | ||
| 920 | |a Impresos - Libros | ||
| 930 | |a Obras de Referencia | ||
| 905 | |a 102 | ||
| 901 | |a 0500009136 |b IT2 |c REF |u 20250521 | ||
| 902 | |a https://opac.biblio.iteso.mx/vufind/Record/000051866 | ||